Japanese political culture : Change and continuity
Gorde:
| Egile nagusia: | |
|---|---|
| Formatua: | Liburua |
| Hizkuntza: | Undetermined |
| Argitaratua: |
New Jersey
New Brunswick
1983
|
| Gaiak: | |
| Etiketak: |
Etiketa erantsi
Etiketarik gabe, Izan zaitez lehena erregistro honi etiketa jartzen!
|
| Thư viện lưu trữ: | Trung tâm Học liệu Trường Đại học Cần Thơ |
|---|
| LEADER | 00565nam a2200205Ia 4500 | ||
|---|---|---|---|
| 001 | CTU_107295 | ||
| 008 | 210402s9999 xx 000 0 und d | ||
| 082 | |a 306.0952 | ||
| 082 | |b I.79 | ||
| 100 | |a Ishida, Takeshi | ||
| 245 | 0 | |a Japanese political culture : | |
| 245 | 0 | |b Change and continuity | |
| 245 | 0 | |c Takeshi Ishida | |
| 260 | |a New Jersey | ||
| 260 | |b New Brunswick | ||
| 260 | |c 1983 | ||
| 650 | |a Japan,Japan,Social values | ||
| 650 | |x Social conditions,Civilization | ||
| 904 | |i Truc | ||
| 980 | |a Trung tâm Học liệu Trường Đại học Cần Thơ | ||